Proceedings (Record no. 582718)

MARC details
000 -LEADER
fixed length control field 00820nam a2200253Ia 4500
003 - CONTROL NUMBER IDENTIFIER
control field OSt
005 - DATE AND TIME OF LATEST TRANSACTION
control field 20220925225012.0
008 - FIXED-LENGTH DATA ELEMENTS--GENERAL INFORMATION
fixed length control field 220923b |||||||| |||| 00| 0 eng d
037 ## - SOURCE OF ACQUISITION
Terms of availability General Book
040 ## - CATALOGING SOURCE
Original cataloging agency RTL
Transcribing agency RTL
Language of cataloging eng
041 ## - LANGUAGE CODE
Source of code eng
Language code of text/sound track or separate title eng
100 ## - MAIN ENTRY--PERSONAL NAME
Personal name Sodersten Bo Ed.
9 (RLIN) 291796
111 ## - MAIN ENTRY--MEETING NAME
Meeting name or jurisdiction name as entry element Arne Ryde Symposium on Trade, Growth and Development (12th : 1991 : Denmark)
9 (RLIN) 291797
245 #0 - TITLE STATEMENT
Title Proceedings
Remainder of title The role of politics and institution in the honour of Bo Sodersten
260 ## - PUBLICATION, DISTRIBUTION, ETC.
Place of publication, distribution, etc. London
Name of publisher, distributor, etc. Routledge U. K.
Date of publication, distribution, etc. 1993
300 ## - PHYSICAL DESCRIPTION
Extent xiv, 335p.
Dimensions cm.
650 ## - SUBJECT ADDED ENTRY--TOPICAL TERM
Topical term or geographic name entry element Economics
650 ## - SUBJECT ADDED ENTRY--TOPICAL TERM
Topical term or geographic name entry element International Trade
942 ## - ADDED ENTRY ELEMENTS (KOHA)
Classification part X:54.1(X).N9, N3
Koha item type General Books
Source of classification or shelving scheme Colon Classification (CC)

No items available.

Copyright @ Delhi University Library System